| 000 | 00721nam a22002297a 4500 | ||
|---|---|---|---|
| 999 |
_c7968 _d7968 |
||
| 003 | AR-CdUCM | ||
| 008 | 190321b ||||| |||| 00| 0 spa d | ||
| 040 |
_aMUNICIPALIDAD PROVINCIAL DEL CUSCO _cBIBLIOTECA MUNICIPAL DEL CUSCO |
||
| 041 | _heng | ||
| 082 |
_a530.1 / _bB24 |
||
| 100 |
_aBarnett, Lincoln _922517 |
||
| 245 | _aEl universo y el doctor Einstein / | ||
| 260 |
_aMéxico : _bFondo de Cultura Económica, _c1957. |
||
| 300 |
_a106 páginas ; _bfiguras, _c17 cm. |
||
| 440 |
_aBreviarios del fondo de cultura económica. _n132 _922518 |
||
| 505 | _aContenido: Dr. Einstein. | ||
| 650 |
_aEinstein _922519 |
||
| 650 |
_aFísica _92382 |
||
| 650 |
_aMatemáticas _99398 |
||
| 942 |
_2ddc _cLIBROS |
||
| 945 | _aachl | ||